000 00966cam a2200217 4500
001 WB3831-40
008 020829n2002 000 0 eng u
035 _a(Sirsi) u119482
245 _aNew forestry schemes
260 _c2002
490 _aScottish Executive Press Release
_v27 August 2002, (2)
520 _aThe Forestry Commission has produced guidance explaining how prospective applicants can ensure that planting proposals for Spring 2003 will be acceptable for conversion to the new Scottish Forestry Grants Scheme. Leaflet available from local Forestry Commission Conservancy offices, SEERAD local offices and via the Forestry Commissoin website at www.forestry.gov.uk/scotland www.scotland.gov.uk/pages/news/2002/08/SEEN132.aspx
590 _aWB
650 _aSCOTLAND
650 _aFORESTRY GRANTS
650 _aPLANTING
650 _aFORESTRY COMMISSION
650 _aGUIDANCE
690 _aRURAL-AGRICULTURE AND FORESTRY
942 _n0
999 _c71040
_d71040